Genre, nouvelle division internationale du travail et migrations (notice n° 1608318)
[ vue normale ]
| 000 -LEADER | |
|---|---|
| fixed length control field | 01175cam a2200145 4500500 |
| 005 - DATE AND TIME OF LATEST TRANSACTION | |
| control field | 20251228142420.0 |
| 041 ## - LANGUAGE CODE | |
| Language code of text/sound track or separate title | fre |
| 042 ## - AUTHENTICATION CODE | |
| Authentication code | dc |
| 100 10 - MAIN ENTRY--PERSONAL NAME | |
| Personal name | Verschuur, Christine |
| Relator term | author |
| 245 00 - TITLE STATEMENT | |
| Title | Genre, nouvelle division internationale du travail et migrations |
| 260 ## - PUBLICATION, DISTRIBUTION, ETC. | |
| Name of publisher, distributor, etc. | L'Harmattan,<br/> |
| Date of publication, distribution, etc. | 2005.<br/> |
| 520 ## - SUMMARY, ETC. | |
| Summary, etc. | Le nouvel ordre économique néolibéral modifie la division internationale du travail, entraînant un accroissement des populations migrantes. Si longtemps la figure du migrant a été représentée comme masculine, les femmes migrent bien, elles aussi, à part égale avec les hommes, et spécialement dans le secteur des soins ou des emplois domestiques. Le transfert international dans ces deux secteurs est un nouvel échange inégal (matière première extraite au sud pur être consommée dans les pays riches). Mais ces migration n’ont pas que des aspects négatifs et contribuent peut-être aussi à la recherche d’alternatives pour toutes et tous. |
| 700 10 - ADDED ENTRY--PERSONAL NAME | |
| Personal name | Reysoo, Fenneke |
| Relator term | author |
| 856 41 - ELECTRONIC LOCATION AND ACCESS | |
| Uniform Resource Identifier | <a href="https://shs.cairn.info/genre-nouvelle-division-internationale-du-travail-et-migrations--9782747579759?lang=fr&redirect-ssocas=7080">https://shs.cairn.info/genre-nouvelle-division-internationale-du-travail-et-migrations--9782747579759?lang=fr&redirect-ssocas=7080</a> |
Pas d'exemplaire disponible.




Réseaux sociaux